| 000 | 01187cab a2200277 4500 | ||
|---|---|---|---|
| 001 | ABS52232 | ||
| 008 | 090401t1995 xxu||||| |||| 00| 0 eng d | ||
| 035 | _a(Sirsi) u67085 | ||
| 041 | _aeng | ||
| 100 | _aCottam, G. | ||
| 245 | _aDesign and construct forms latest strategy | ||
| 260 | _c1995 | ||
| 350 | _a0 | ||
| 490 |
_aConstruction News _v(6480) 2 February 1995, 12-13(1) |
||
| 520 | _aMarks the launch, for consultation, of the FIDIC "Conditions of contract for design-build and turnkey" (the Orange Book). It dispenses with the traditional term `engineer` replacing it with `an employer`s representative` and requires the contractor to take out professional indemnity insurance to cover his design liability. | ||
| 650 | _aDESIGN AND BUILD CONTRACTS | ||
| 650 | _aDESIGN AND CONSTRUCT | ||
| 650 | _aEMPLOYERS REPRESENTATIVE | ||
| 650 | _aBUILT ENVIRONMENT-BUILDING CONTRACT FORMS-STANDARD FORMS OF BUILDING CONTRACT-INTERNATIONAL FEDERATION OF CONSULTING ENGINEERS CONTRACTS | ||
| 650 | _aFIDIC ORANGE BOOK | ||
| 650 | _aORANGE BOOK | ||
| 650 | _aTURNKEY CONTRACTS | ||
| 690 | _aBUILT ENVIRONMENT-BUILDING CONTRACT FORMS | ||
| 942 | _n0 | ||
| 948 | _c04/03/1997 | ||
| 999 |
_c41963 _d41963 |
||